Japan : An attempt at interpretation
The original edition of this noted volume; by an American author who became fascinated with the Japanese and their way of life, and their artistic creations
Đã lưu trong:
| Príomhúdar: | |
|---|---|
| Formáid: | Leabhar |
| Teanga: | Undetermined |
| Foilsithe: |
New York
Macmillan Co.
1907
|
| Ábhair: | |
| Clibeanna: |
Cuir Clib Leis
Gan Chlibeanna, Bí ar an gcéad duine leis an taifead seo a chlibeáil!
|
| Thư viện lưu trữ: | Trung tâm Học liệu Trường Đại học Cần Thơ |
|---|
| LEADER | 00746nam a2200229Ia 4500 | ||
|---|---|---|---|
| 001 | CTU_222233 | ||
| 008 | 210402s9999 xx 000 0 und d | ||
| 082 | |a 915.2 | ||
| 082 | |b H436 | ||
| 100 | |a Hearn, Lafcadio | ||
| 245 | 0 | |a Japan : | |
| 245 | 3 | |b An attempt at interpretation | |
| 245 | 0 | |c Lafcadio Hearn | |
| 260 | |a New York | ||
| 260 | |b Macmillan Co. | ||
| 260 | |c 1907 | ||
| 520 | |a The original edition of this noted volume; by an American author who became fascinated with the Japanese and their way of life, and their artistic creations | ||
| 650 | |a Japan,Nhật Bản | ||
| 650 | |x Civilization,Nền văn minh | ||
| 904 | |i Kim Tuyến | ||
| 910 | |a Qhieu | ||
| 980 | |a Trung tâm Học liệu Trường Đại học Cần Thơ | ||